Conceptual physics / (Record no. 13319)

MARC details
000 -LEADER
fixed length control field 00836nam a2200241Ia 4500
001 - CONTROL NUMBER
control field 13319
003 - CONTROL NUMBER IDENTIFIER
control field OCoLC
005 - DATE AND TIME OF LATEST TRANSACTION
control field 20250829073222.0
008 - FIXED-LENGTH DATA ELEMENTS--GENERAL INFORMATION
fixed length control field 960730s1997 caua b 001 0 eng d
020 ## - INTERNATIONAL STANDARD BOOK NUMBER
International Standard Book Number 0201466988
020 ## - INTERNATIONAL STANDARD BOOK NUMBER
International Standard Book Number 0201468018 (Lab. manual)
040 ## - CATALOGING SOURCE
Original cataloging agency BHS
Transcribing agency BHS
Modifying agency CIN
082 ## - DEWEY DECIMAL CLASSIFICATION NUMBER
Edition number 530
Item number HEW
100 1# - MAIN ENTRY--PERSONAL NAME
Personal name Hewitt, Paul G
9 (RLIN) 5333
245 10 - TITLE STATEMENT
Title Conceptual physics /
Statement of responsibility, etc written and illustrated by Paul G. Hewitt
250 ## - EDITION STATEMENT
Edition statement 3rd ed., teacher's ed
260 ## - PUBLICATION, DISTRIBUTION, ETC. (IMPRINT)
Place of publication, distribution, etc Menlo Park, Calif. :
Name of publisher, distributor, etc Addison-Wesley,
Date of publication, distribution, etc c1997
300 ## - PHYSICAL DESCRIPTION
Extent 47, xi, 692 p. :
Other physical details ill. (some col.) ;
Dimensions 26 cm. +
Accompanying material 1 laboratory manual (45, xiv, 322 p. : ill. ; 28 cm.)
504 ## - BIBLIOGRAPHY, ETC. NOTE
Bibliography, etc Includes bibliographical references and index
650 #0 - SUBJECT ADDED ENTRY--TOPICAL TERM
Topical term or geographic name as entry element Physics
General subdivision Study and teaching (Secondary)
9 (RLIN) 25866
710 2# - ADDED ENTRY--CORPORATE NAME
Corporate name or jurisdiction name as entry element Addison-Wesley Publishing Company
9 (RLIN) 25867
942 ## - ADDED ENTRY ELEMENTS (KOHA)
Source of classification or shelving scheme Dewey Decimal Classification
Koha item type Books

No items available.


© 2017 Bishop Stuart University Library. All Rights Reserved.
Kakoba Campus, Plot 150 Buremba Road | P.O. Box 9, Mbarara, UGANDA | Tel: +256-772-463068
Email: library@bsu.ac.ug